Miroslav Tyrš /

Hlavní autor: Havlíček, Věnceslav, 1894-1976
Jazyk: Čeština
Vydáno: Praha : Orbis, 1947
Edice: Kdo je (Orbis)
Témata:
Externí odkaz: Digitalizovaný dokument
Fyzický popis: 42, [6] s.
Knihy
Uloženo v:
LEADER 01008nam a22002651a 4500
001 000698471
003 CZ BrMZK
005 20200723140501.0
007 ta
008 031201s1947 xr f cze d
015 |a cnb000669726 
035 |a (OCoLC)42376899 
040 |a BOA001  |b cze  |c BOA001 
100 1 |a Havlíček, Věnceslav,  |d 1894-1976  |7 jk01040355  |4 aut 
245 1 0 |a Miroslav Tyrš /  |c napsal Věnceslav Havlíček 
260 |a Praha :  |b Orbis,  |c 1947 
300 |a 42, [6] s. 
490 1 |a Kdo je ;  |v sv. 70-71 
830 0 |a Kdo je (Orbis)  |0 s 
856 4 1 |u http://www.digitalniknihovna.cz/mzk/uuid/uuid:88d10150-bfc8-11e3-aec3-005056827e52  |y Digitalizovaný dokument  |x NDK 
910 |a BOA001  |b PK-I-0022.542  |b 1-0191.270,70-71 
964 |a Tyrš, Miroslav - život a dílo 
990 |a BK 
996 6 |b 2619717880  |c 1-0191.270,70-71  |l MZK  |r Sklad / do 1 hodiny  |n 5  |w 000698471  |u 000020  |a 1  |e BOA001  |j MZK50  |s P 
996 7 |b 3119679115  |c PK-I-0022.542  |l MZK  |r Sklad / do 1 hodiny  |n 4  |w 000698471  |u 000010  |a 1  |e BOA001  |j MZK50  |s A